Ensayo sobre los fundamentos psicológicos de la comunidad / (Record no. 136920)

MARC details
000 -LEADER
campo de control de longitud fija 00538nam a2200169 4500
001 - NÚMERO DE CONTROL
campo de control 136920
003 - IDENTIFICADOR DE NÚMERO DE CONTROL
campo de control ES-MaACL
005 - FECHA Y HORA DE LA ÚLTIMA TRANSACCIÓN
campo de control 20230906195248.0
007 - CAMPO FIJO DE DESCRIPCIÓN FÍSICA--INFORMACIÓN GENERAL
campo de control de longitud fija t|
008 - DATOS DE LONGITUD FIJA--INFORMACIÓN GENERAL
campo de control de longitud fija 070214s1973 sp r ||||1| spa d
100 1# - ENTRADA PRINCIPAL--NOMBRE DE PERSONA
Nombre de persona Saint-Arnaud, Yves.
9 (RLIN) 101511
245 10 - MENCIÓN DEL TÍTULO
Título Ensayo sobre los fundamentos psicológicos de la comunidad /
Mención de responsabilidad, etc. Yves Saint-Arnaud ; traducción de Juan Viola Galindo.
260 ## - PUBLICACIÓN, DISTRIBUCIÓN, ETC.
Lugar de publicación, distribución, etc. Madrid :
Nombre del editor, distribuidor, etc. Atenas,
Fecha de publicación, distribución, etc. 1973.
300 ## - DESCRIPCIÓN FÍSICA
Extensión 104 p. ;
Dimensiones 18 cm.
700 1# - ENTRADA AGREGADA--NOMBRE PERSONAL
Nombre de persona Viola Galindo, Juan.
9 (RLIN) 115411
852 ## - LOCALIZACIÓN
Ubicación ES-MaACL
Número de control de estantería C-55742
Sublocalización o colección R.88163
Holdings
Estatus retirado Estado de pérdida Estado de daño No para préstamo Biblioteca de origen Biblioteca actual Ubicación en estantería Fecha de adquisición Fuente de adquisición Total de préstamos Signatura topográfica completa Código de barras Visto por última vez Precio de reemplazo Tipo de ítem Koha
        Biblioteca del Ateneo de Madrid Biblioteca del Ateneo de Madrid Depósito 2 17/01/2008     C-55742 1142489 23/02/2023 23/02/2023 Libro impreso